峇冬加里大屠杀揭秘 (Record no. 63211)

000 -LEADER
fixed length control field 00495nam a22001817a 4500
003 - CONTROL NUMBER IDENTIFIER
control field MPLRDC
005 - DATE AND TIME OF LATEST TRANSACTION
control field 20220104185158.0
008 - FIXED-LENGTH DATA ELEMENTS--GENERAL INFORMATION
fixed length control field 210129b ||||| |||| 00| 0 eng d
020 ## - INTERNATIONAL STANDARD BOOK NUMBER
International Standard Book Number 983-43615-1-8
082 ## - DEWEY DECIMAL CLASSIFICATION NUMBER
Classification number 738.6257 WAR
100 ## - MAIN ENTRY--PERSONAL NAME
Personal name IAN WARD、NORMA MIRAFLOR
245 ## - TITLE STATEMENT
Title 峇冬加里大屠杀揭秘
Statement of responsibility, etc. 黄永安 等译
250 ## - EDITION STATEMENT
Edition statement 初版
260 ## - PUBLICATION, DISTRIBUTION, ETC.
Place of publication, distribution, etc. 马来西亚
Name of publisher, distributor, etc. 爱国工委会
Date of publication, distribution, etc. 2009
300 ## - PHYSICAL DESCRIPTION
Other physical details
650 ## - SUBJECT ADDED ENTRY--TOPICAL TERM
Topical term or geographic name entry element 马来西亚历史--英属期
942 ## - ADDED ENTRY ELEMENTS (KOHA)
Koha item type Book
-- 738.6257 WAR
Holdings
Withdrawn status Lost status Source of classification or shelving scheme Damaged status Not for loan Collection code Home library Current library Shelving location Date acquired Cost, normal purchase price Total Checkouts Total Renewals Full call number Barcode Date last seen Date last checked out Price effective from Koha item type Public note
            Malaysian Public Library, Research and Development Centre Malaysian Public Library, Research and Development Centre   25/05/2010 35.00   1 738.6257 WAR 00057430 18/03/2021 11/04/2017 18/03/2021 Book mplrdc

© 2022. Malaysian Public Library, Research and Development Centre. All Right ReservedE-mailmplrdc@help.edu.my 

Powered by Koha